Multinational firms and the tariffjumping argument.
Analýza hry, v ktorej si zahraničný multinacionálny podnik vyberá medzi priamymi investíciami doma a exportovaním, zatiaľ čo potenciálny domáci podnik sa rozhoduje či vstúpiť na domáci trh, alebo nie. Dôsledky existencie "skáčucich colných taríf". Porovnanie s inými teoretickými modelmi hier.
Gespeichert in:
| 1. Verfasser: | |
|---|---|
| Format: | Buchkapitel |
| Sprache: | Englisch |
| Schlagworte: | |
| Tags: |
Keine Tags, Fügen Sie das erste Tag hinzu!
|
MARC
| LEADER | 00000naa a2200000 4500 | ||
|---|---|---|---|
| 001 | r011894 | ||
| 005 | 20221130112823.5 | ||
| 041 | 0 | |a eng | |
| 044 | |a NL | ||
| 245 | 1 | 0 | |a Multinational firms and the tariffjumping argument. |c M. Motta |
| 520 | |a Analýza hry, v ktorej si zahraničný multinacionálny podnik vyberá medzi priamymi investíciami doma a exportovaním, zatiaľ čo potenciálny domáci podnik sa rozhoduje či vstúpiť na domáci trh, alebo nie. Dôsledky existencie "skáčucich colných taríf". Porovnanie s inými teoretickými modelmi hier. | ||
| 610 | 2 | 0 | |a spoločnosti nadnárodné |
| 610 | 2 | 0 | |a investície v zahraničí |
| 610 | 2 | 0 | |a podnik |
| 610 | 2 | 0 | |a investície zo zahraničia |
| 610 | 2 | 0 | |a rozhodovanie |
| 610 | 2 | 0 | |a hry ekonomické |
| 610 | 2 | 0 | |a teória hier |
| 610 | 2 | 0 | |a modely investícií |
| 610 | 2 | 0 | |a tarify colné |
| 610 | 2 | 0 | |a protekcionizmus |
| 100 | 1 | |a Motta, M. | |